Analýza diskriminačných postupov v procese získavania pracovníkov diplomová práca

Gespeichert in:
Bibliographische Detailangaben
1. Verfasser: Mydlová, Miroslava
Körperschaft: Fakulta podnikového manažmentu EU. Katedra manažmentu
Weitere Verfasser: Gálik, Rudolf
Format: Buch
Sprache:Slowakisch
Veröffentlicht: Bratislava 2011
Tags: Tag hinzufügen
Keine Tags, Fügen Sie das erste Tag hinzu!

MARC

LEADER 00000nbm a2200000 4500
001 0131617
005 20170315090421.6
041 0 |a slo 
044 |a SK 
245 1 0 |a Analýza diskriminačných postupov v procese získavania pracovníkov  |b diplomová práca  |c Miroslava Mydlová ; školiteľ: Rudolf Gálik 
264 1 |a Bratislava  |c 2011 
300 |a 62 s. 
100 1 |a Mydlová, Miroslava 
700 1 |a Gálik, Rudolf 
710 2 |a Fakulta podnikového manažmentu EU. Katedra manažmentu